000 00464nam a22001937a 4500
005 20231002141320.0
008 230927b |||||||| |||| 00| 0 eng d
020 _a9780409805970
082 _a330
_bSTA-E
100 _aStager;David
245 _aEconomic Analysis and Canadian Policy
250 _a6th.ed
260 _aUSA
_bButterworths
_c1988
300 _a248
500 _aInclude Index
650 _aEconomics
700 _aDavid Stager
999 _c33734
_d33734